Vista normal
Vista MARC
Entrada Personal Name
Número de registros utilizados en: 2
001 - CONTROL NUMBER
- control field: 10933
003 - CONTROL NUMBER IDENTIFIER
- control field: DLC
005 - DATE AND TIME OF LATEST TRANSACTION
- control field: 20251030144635.0
008 - FIXED-LENGTH DATA ELEMENTS
- fixed length control field: 010209n| azannaabn |a aaa c
010 ## - LIBRARY OF CONGRESS CONTROL NUMBER
- LC control number: no2001011431
016 ## - NATIONAL BIBLIOGRAPHIC AGENCY CONTROL NUMBER
- Record control number: 1030H9465E
035 ## - SYSTEM CONTROL NUMBER
- System control number: (OCoLC)oca05413774
040 ## - CATALOGING SOURCE
- Original cataloging agency: NjP
- Language of cataloging: spa
- Description conventions: rda
- Transcribing agency: Mx-puUPA
- Modifying agency: DLC
- Modifying agency: NJQ
- Modifying agency: ICrlF
- Modifying agency: CaOONL
- Modifying agency: Mx-puUPA
042 ## - AUTHENTICATION CODE
- Authentication code: nlc
046 ## - SPECIAL CODED DATES
- Birth date: 19710430
- Source of date scheme: edtf
053 #0 - LC CLASSIFICATION NUMBER
- Classification number element--single number or beginning number of span: PR6102.O96
100 1# - HEADING--PERSONAL NAME
- Personal name: Boyne, John,
- Dates associated with a name: 1971-
370 ## - ASSOCIATED PLACE
- Place of birth: Dublin (Irlanda)
- Associated country: Irlanda
- Place of residence/headquarters: Dublin (Irlanda)
- Source of term: naf
372 ## - FIELD OF ACTIVITY
- Field of activity: Novela
- Source of term: lcsh
373 ## - ASSOCIATED GROUP
- Associated group: Universidad del Este de Anglia
- Associated group: Colegio Trinidad
374 ## - OCCUPATION
- Occupation: Novelista
- Occupation: Autor
- Source of term: lcsh
375 ## - GENDER
- Gender: hombre
- Source of term: lcdgt
377 ## - ASSOCIATED LANGUAGE
- Language code: eng
400 1# - SEE FROM TRACING--PERSONAL NAME
- Personal name: Boĭn, Dzhon,
- Dates associated with a name: 1971-
670 ## - SOURCE DATA FOUND
- Source citation: The thief of time, 2000:
- Information found: t.p. (John Boyne) jkt. (b. 1971 in Ireland; lives in Dublin)
670 ## - SOURCE DATA FOUND
- Source citation: Krippen, 2006:
- Information found: t.p. (Dzhon Boĭn)
670 ## - SOURCE DATA FOUND
- Source citation: Wikipedia, Jan. 2, 2015
- Information found: (John Boyne (born 30 April 1971) is an Irish novelist. He is the author of nine novels for adults and four novels for younger readers. His novels are published in 47 languages. Boyne was born in Dublin, where he still lives. His first short story was published by the Sunday Tribune and in 1993.)
670 ## - SOURCE DATA FOUND
- Source citation: Biblioteca del congreso (Estados Unidos), 03 septiembre 2020:
- Information found: Catálogo electrónico
- Uniform Resource Identifier: https://bit.ly/3hSrNiC